NFL Quiz - Super Bowl Champions Offensive Lineups 2010-2021 - Statistics

General Stats
  • This quiz has been taken 451 times
  • The average score is 40 of 72
Answer Stats
Pos. Answer % Correct
QB Matthew Stafford
99%
QB Tom Brady
98%
QB Tom Brady
98%
QB Tom Brady
98%
QB Tom Brady
98%
WR Cooper Kupp
95%
TE Rob Gronkowski
95%
TE Rob Gronkowski
95%
TE Rob Gronkowski
95%
QB Patrick Mahomes
94%
QB Eli Manning
93%
QB Peyton Manning
93%
QB Carson Wentz
90%
QB Russell Wilson
89%
TE Travis Kelce
89%
QB Joe Flacco
88%
WR Mike Evans
88%
QB Aaron Rodgers
87%
WR Tyreek Hill
86%
WR Julian Edelman
85%
WR Julian Edelman
85%
WR Julian Edelman
85%
WR Chris Godwin
83%
RB Leonard Fournette
80%
RB Marshawn Lynch
78%
WR Odell Beckham Jr.
76%
RB James White
73%
RB James White
73%
TE Tyler Higbee
69%
WR Demaryius Thomas
68%
RB Damien Williams
64%
RB Ronald Jones II
64%
TE Zach Ertz
64%
RB LeGarrette Blount
59%
RB LeGarrette Blount
59%
WR Torrey Smith
58%
WR Doug Baldwin
55%
RB Sony Michel
54%
RB Sony Michel
54%
WR Emmanuel Sanders
52%
RB Ray Rice
51%
WR Alshon Jeffery
49%
WR Victor Cruz
46%
RB Darrell Henderson
44%
WR Sammy Watkins
40%
RB C.J. Anderson
38%
WR Chris Hogan
36%
WR Chris Hogan
36%
WR Nelson Agholor
36%
WR Donald Driver
34%
WR Greg Jennings
34%
RB LeSean McCoy
34%
RB Brandon Jackson
33%
RB Jay Ajayi
30%
WR Anquan Boldin
25%
RB Ahmad Bradshaw
24%
RB Brandon Jacobs
22%
WR Golden Tate
21%
TE Martellus Bennett
21%
WR Hakeem Nicks
19%
TE Dennis Pitta
17%
RB Shane Vereen
11%
WR Brandon LaFell
10%
TE Zach Miller
10%
TE Owen Daniels
9%
RB Jonas Gray
8%
RB Ronnie Hillman
8%
RB John Kuhn
6%
RB Robert Turbin
5%
TE Donald Lee
4%
RB Bernard Pierce
3%
TE Jake Ballard
2%
No matching quizzes found
Score Distribution
Percent of People with Each Score
Percentile by Number Answered
Your Score History
You have not taken this quiz